| 000 | 01375cam a22003251i 4500 | ||
|---|---|---|---|
| 003 | SA-RiAUC | ||
| 005 | 20241208150307.0 | ||
| 008 | 241203s2011 jo g b 000 0dara c | ||
| 020 | _a9789957703127 | ||
| 040 |
_aDAMMAMU _bara _cSA-RiAUC _erda |
||
| 050 | 4 | _bR34 2011 | |
| 050 | 1 | 4 | _b. R3 2011 |
| 082 | 0 | 4 |
_a258.2 _qSA-RiAUC |
| 090 |
_a258.2 _b ر ف ي |
||
| 100 | 1 |
_aرفيع، محمد، _d1966- _eمؤلف. |
|
| 245 | 1 | 0 |
_aمعالم الفكر الأصولي المالكي من خلال فكر الباجي الأصولي / _cمحمد بن محمد رفيع. |
| 250 | _aالطبعة الأولى. | ||
| 264 | 1 |
_aإربد، الأردن : _bعالم الكتب الحديث، _c2011 |
|
| 300 |
_a460 صفحة ؛ _c24 سم |
||
| 336 |
_aنص _btxt _2rdacontent _3كتاب |
||
| 337 |
_aبدون وسيط _bn _2rdamedia |
||
| 338 |
_aمجلد _bnc _2rdacarrier |
||
| 504 | _aببليوجرافية : صفحة 441-460. | ||
| 504 | _aيشتمل على إرجاعات ببليوجرافية. | ||
| 600 | 1 | 7 |
_aأبو الوليد الباجي، سليمان بن خلف بن سعد، _d403-474 هجري _xآراء حول أصول الفقه الإسلامي _2aucnm |
| 650 | 7 |
_aالفقه المالكي _2aucsh |
|
| 650 | 7 |
_aأصول الفقه الإسلامي _2aucsh |
|
| 942 |
_2ddc _cBOOK _n0 |
||
| 949 |
_aSA-JeALM _d241203 _umohamedma123 _n1 |
||
| 999 |
_c3132 _d3132 |
||